000 01002nas a2200265 4500
001 BR8400830
003 BR-BrBNA
005 20231205085810.0
007 ta
008 230509b bl.|||p| |||| 00| 00por d
040 _aBR-BrBNA
_bpor
_cBiblioteca Nacional de Agricultura
041 _a(Pt)
072 _aH60
100 1 _aBlanco, H.G.
245 1 _aA importancia do controle das ervas daninhas na cultura do cafe [Coffea arabica, beldroega, Portulaca oleracea, capim colchao, Digitaria sanguinalis, picao preto, Bidens pilosa]
246 1 _a[The importance of weed control in coffee crop [Coffea arabica, purslane, Portulaca oleracea, mattress grass, Digitaria sanguinalis, beggar-ticks, Bidens pilosa]]
650 _aCAFE
650 _aERVA DANINHA
650 _aBELDROEGA
650 _aCAPIM COLCHAO
650 _aPICAO PRETO
773 0 _tAgroquimica (Brazil)
_xISSN 0100-6312
_g(1983), (no. 22) p. 4-9
_wBR8400830
909 _a202311
_bLúcia
_c55
_dLúcia Elande
942 _2AGRIS
_n0
_cANA
999 _c113893
_d113893